Are You Smarter Than A 1st Grader? - Statistics

General Stats
  • This quiz has been taken 507 times
  • The average score is 9 of 10
Answer Stats
Question Answer % Correct
What is 1 + 15? 16
96%
What planet do I live on? Earth
96%
What do you eat? Food
96%
Is Nature Inside or Outside? Outside
96%
What song is it when you sing the Alphabet? The ABC's
96%
What do you wear? Clothes (Tee-Hee-Hee)
95%
What is multiplication? Repeated Addition
95%
What word is MOM upside down? WOW
94%
What is the funniest thing ever? Fart
85%
Whats My Favorite Number? 100
84%
No matching quizzes found
Score Distribution
Percent of People with Each Score
Percentile by Number Answered
Your Score History
You have not taken this quiz